| 000 | 00462nam a2200157 4500 | ||
|---|---|---|---|
| 001 | 143040 | ||
| 003 | ES-MaACL | ||
| 005 | 20230906200711.0 | ||
| 007 | t| | ||
| 008 | 070214s1971 sp r ||||1| spa d | ||
| 110 | 2 |
_aSeminario-Colegio del Sagrado Corazón Carrión de los Condes, (Palencia) _96547 |
|
| 245 | 1 | 0 | _aOrden del año escolar 1971-1972. |
| 260 |
_aPalencia : _b[s.n.], _c1971. |
||
| 300 |
_a56 p. ; _c17 cm. |
||
| 852 |
_aES-MaACL _jC-47186 _bR.79842 |
||
| 999 |
_c143040 _d143040 |
||